000 00370nam a2200145Ia 4500
005 20250409181440.0
008 250409s9999||||xx |||||||||||||| ||und||
020 _a978-81-250-2597-9
100 _aVASUDEVAN NAIR M T
245 0 _aKUTTIEDATHI AND OTHER STORIES
260 _bORIENT BLACK SWAN
_aHYDERABAD
300 _a192
650 _vEnglish Fiction
942 _cBOOK
999 _c20581
_d20581